| 000 | 01139nam a2200181Ia 4500 | ||
|---|---|---|---|
| 008 | 151202s9999||||xx |||||||||||||| ||und|| | ||
| 082 | _bPNVM-121314 | ||
| 100 | _aअभिनंदनपंडित-पणशीकर वासुदेव लक्ष्मण. | ||
| 245 | _aलघुयोगवासिष्ठ: वासिष्ठचन्द्रिकाव्याख्यासहित:-संस्कृत. | ||
| 260 | _b"निर्णयसागर प्रकाशन,मुंबई." | ||
| 260 | _c1937 | ||
| 300 | _a851 | ||
| 600 | _aअभिनंदनपंडित-पणशीकर वासुदेव लक्ष्मण. | ||
| 630 | _aलघुयोगवासिष्ठ: वासिष्ठचन्द्रिकाव्याख्यासहित:-संस्कृत. | ||
| 700 | _aअभिनंदनपंडित-पणशीकर वासुदेव लक्ष्मण. | ||
| 730 | _aलघुयोगवासिष्ठ: वासिष्ठचन्द्रिकाव्याख्यासहित:-संस्कृत. | ||
| 942 | _cBOOK | ||
| 999 |
_c1351443 _d1351440 |
||